|
|
|
|
| LEADER |
00000nam a2200000Ii 4500 |
| 001 |
DIGOLEJNK0602 |
| 003 |
NyNyDIG |
| 006 |
m o d |
| 007 |
cr ||||||||||| |
| 008 |
221020s2020 cl ob 000 0 spa d |
| 035 |
|
|
|a (OCoLC)1350506362
|
| 040 |
|
|
|a DGITA
|b eng
|e rda
|e pn
|c DGITA
|
| 020 |
|
|
|z 9789563928457
|
| 043 |
|
|
|a s-ag---
|
| 050 |
1 |
4 |
|a KHA2640 ebook
|
| 100 |
1 |
|
|a Dellepiane, Antonio,
|d 1864-1939,
|e author.
|
| 245 |
1 |
0 |
|a Nueva teoría de la prueba /
|c Antonio Dellepiane.
|
| 264 |
|
1 |
|a Santiago, Chile :
|b Ediciones Olejnik ;
|a Bogotá, Colombia :
|b Editorial Temis,
|c [2020]
|
| 300 |
|
|
|a 1 online resource.
|
| 336 |
|
|
|a text
|b txt
|2 rdacontent
|
| 337 |
|
|
|a computer
|b c
|2 rdamedia
|
| 338 |
|
|
|a online resource
|b cr
|2 rdacarrier
|
| 347 |
|
|
|a text file
|2 rdaft
|
| 347 |
|
|
|b PDF
|
| 490 |
1 |
|
|a Biblioteca de derecho procesal
|
| 588 |
0 |
|
|a Online resource; title from PDF title page (Digitalia, viewed October 20, 2022)
|
| 650 |
|
0 |
|a Evidence (Law)
|z Argentina.
|
| 650 |
|
0 |
|a Evidence (Law).
|
| 655 |
|
0 |
|a Electronic books.
|
| 791 |
2 |
|
|a Digitalia (Firm),
|e distributor.
|
| 793 |
0 |
|
|g Digitalia eBook Collection:
|a Ediciones Olejnik
|
| 776 |
0 |
8 |
|i Print version:
|a Dellepiane, Antonio, 1864-1939.
|t Nueva teoría de la prueba.
|b Segunda reimpresión de la décima edición.
|d Santiago, Chile : Ediciones Olejnik ; Bogotá, Colombia : Editorial Temis, 2020
|z 9789563928457
|
| 830 |
|
0 |
|a Biblioteca de derecho procesal (Ediciones Olejnik)
|
| 856 |
4 |
0 |
|3 Digitalia Hispánica
|u https://www.digitaliapublishing.com/a/104523/
|
| 910 |
|
|
|a Premium collection: 2022
|